Pile foundations in engineering practice
Na minha lista:
| Main Authors: | , |
|---|---|
| Formato: | Livro |
| Idioma: | inglês |
| Publicado em: |
Nueva York
John Wiley
1990
|
| Edição: | 1a. ed |
| Assuntos: | |
| Tags: |
Adicionar Tag
Sem tags, seja o primeiro a adicionar uma tag!
|
MARC
| LEADER | 00000nam a2200000 a 4500 | ||
|---|---|---|---|
| 001 | UCH9928 | ||
| 003 | CL-VaPUC | ||
| 008 | 100304e19900000US |||||||||||||||||eng|d | ||
| 020 | |a 0471616532 | ||
| 082 | 0 | 4 | |a 624.154 |b PRA |2 21 |
| 100 | 0 | |a Prakash, Shamsher |e author |9 547232 | |
| 700 | 0 | |a Sharma, Hari D |e author |9 547233 | |
| 245 | 1 | 0 | |a Pile foundations in engineering practice |
| 250 | |a 1a. ed | ||
| 300 | |a 734 p | ||
| 942 | |c BK | ||
| 945 | |d 20100304 00:00:00 |a cmena | ||
| 260 | |a Nueva York |b John Wiley |c 1990 | ||
| 650 | 7 | |a PILOTES |2 CL-VaPUC |9 363915 | |
| 650 | 7 | |a CIMIENTOS |2 CL-VaPUC |9 260635 | |
| 650 | 0 | |a Diseño estructural |9 498280 | |
| 650 | 7 | |a INGENIERIA CIVIL ESTRUCTURAL |2 CL-VaPUC |9 470811 | |
| 583 | |a last modification |c 20100304 00:00:00 |k Rodrigo Vera | ||
| 999 | |c 339752 |d 339750 | ||
| 952 | |0 0 |1 0 |4 0 |6 624_154000000000000_PRA_1990 |7 0 |8 A |9 433593 |a BIBING |b BIBING |d 2019-11-22 |i 4649699 |o 624.154 PRA 1990 |p 4649699 |r 2025-01-20 |w 2019-11-22 |y BK |k CIC | ||